|
|
|
|
| LEADER |
01294nam a2200289 a 4500 |
| 001 |
4983104 |
| 008 |
100126s1998 dcua b 000 0 eng d |
| 010 |
|
|
|a \\\98060372
|
| 020 |
|
|
|a 1878071424 (pbk.)
|
| 040 |
|
|
|a DDOE
|c DDOE
|d NcGU
|d DNAL
|d NjLakG
|d DLC
|d BD-DhAAL
|
| 082 |
0 |
0 |
|a 333.75/16
|2 21
|
| 100 |
1 |
|
|a Abramovitz, Janet N.
|
| 245 |
1 |
0 |
|a Taking a stand :
|b cultivating a new relationship with the world's forests /
|c Janet N. Abramovitz ; Ashley T. Mattoon, staff researcher ; Jane A. Peterson, editor.
|
| 260 |
|
|
|a Washington, D.C. :
|b Worldwatch Institute,
|c c1998.
|
| 300 |
|
|
|a 84 p. :
|b ill. ;
|c 22 cm.
|
| 490 |
0 |
|
|a Worldwatch paper ;
|v 140
|
| 500 |
|
|
|a "April 1998."
|
| 504 |
|
|
|a Includes bibliographical references.
|
| 505 |
0 |
|
|a What forests do -- Assessing forest area and quality -- Rising pressures on forests -- What governments do -- Sustainable forest management -- Cultivating a new relationship.
|
| 541 |
1 |
|
|e 00006488
|
| 650 |
|
0 |
|a Forest conservation.
|
| 650 |
|
0 |
|a Forest policy.
|
| 650 |
|
0 |
|a Forests and forestry.
|
| 700 |
1 |
|
|a Peterson, Jane A.
|
| 852 |
4 |
|
|a Ayesha Abed Library
|j General shelf
|
| 999 |
|
|
|c 7218
|d 7218
|
| 952 |
|
|
|0 0
|1 0
|2 ddc
|4 0
|6 333_751600000000000_ABR_1998
|7 0
|9 7513
|a BRACUL
|b BRACUL
|c GEN
|d 2010-01-27
|l 0
|o 333.7516 ABR
|p 3010006488
|r 2010-01-27
|t 1
|w 2010-01-27
|y BK
|